<?xml version="1.0" encoding="UTF-8"?>
<record
    xmlns:xsi="http://www.w3.org/2001/XMLSchema-instance"
    xsi:schemaLocation="http://www.loc.gov/MARC21/slim http://www.loc.gov/standards/marcxml/schema/MARC21slim.xsd"
    xmlns="http://www.loc.gov/MARC21/slim">

  <leader>00909cam a22002291  4500</leader>
  <controlfield tag="001">sd 40000171 </controlfield>
  <controlfield tag="003">DLC</controlfield>
  <controlfield tag="005">20260227112733.0</controlfield>
  <controlfield tag="008">870421s1937    fr c          000 0 fre c</controlfield>
  <datafield tag="010" ind1=" " ind2=" ">
    <subfield code="a">sd 40000171 </subfield>
  </datafield>
  <datafield tag="035" ind1=" " ind2=" ">
    <subfield code="a">(OCoLC)15562290</subfield>
  </datafield>
  <datafield tag="040" ind1=" " ind2=" ">
    <subfield code="a">U.S. Dept. of State Library</subfield>
    <subfield code="c">DGW</subfield>
    <subfield code="d">DLC</subfield>
  </datafield>
  <datafield tag="042" ind1=" " ind2=" ">
    <subfield code="a">premarc</subfield>
  </datafield>
  <datafield tag="050" ind1="0" ind2="0">
    <subfield code="a">JX1930</subfield>
    <subfield code="b">.U5 1937</subfield>
  </datafield>
  <datafield tag="111" ind1="2" ind2=" ">
    <subfield code="a">Universal Peace Congress</subfield>
    <subfield code="n">(32d :</subfield>
    <subfield code="d">1937 :</subfield>
    <subfield code="c">Paris)</subfield>
  </datafield>
  <datafield tag="245" ind1="1" ind2="0">
    <subfield code="a">Documents officiels.</subfield>
  </datafield>
  <datafield tag="260" ind1=" " ind2=" ">
    <subfield code="a">Paris,</subfield>
    <subfield code="b">D&#xE9;l&#xE9;gation permanente des soci&#xE9;t&#xE9;s fran&#xE7;aises de la paix, Conseil national de la paix; [etc.,etc.</subfield>
    <subfield code="c">1937?]</subfield>
  </datafield>
  <datafield tag="300" ind1=" " ind2=" ">
    <subfield code="a">308 p</subfield>
    <subfield code="b">fold. plates (ports.)</subfield>
    <subfield code="c">26 cm.</subfield>
  </datafield>
  <datafield tag="500" ind1=" " ind2=" ">
    <subfield code="a">At head of title: XXXIIe Congr&#xE9;s universel de la paix. Paris de la Sorbonne et Maison des artes et m&#xE9;tiers, 24-29 ao&#xFB;t 1937.</subfield>
  </datafield>
  <datafield tag="500" ind1=" " ind2=" ">
    <subfield code="a">Text mainly in French; the resolutions are in French, English and German.</subfield>
  </datafield>
  <datafield tag="650" ind1=" " ind2="0">
    <subfield code="a">Peace</subfield>
    <subfield code="v">Congresses.</subfield>
  </datafield>
  <datafield tag="999" ind1=" " ind2=" ">
    <subfield code="c">89857</subfield>
    <subfield code="d">89857</subfield>
  </datafield>
</record>
